000 00894nam a22002897a 4500
001 BR9901068
003 BR-BrBNA
005 20230928100231.0
007 ta
008 230509b bl.||||| |||| 00| 0 por d
040 _aBR-BrBNA
_bpor
_cBiblioteca Nacional de Agricultura
041 _a(Por)
072 _aF04; P34
_b1900
090 _ 1900 BR9901068
100 1 _aSouza, R.F. de
110 1 _aUniversidade Federal de Lavras, MG (Brasil)
_0Tese (Mestre em Zootecnia)
245 1 _aMicorriza e fosforo no crescimento de especies forrageiras em solo de baixa fertilidade
260 3 _aLavras, MG (Brasil):
_c1998.
300 _a145 p.
500 _aSummaries (Eng, Por); Bibliography p. 128-145; 31 tables
650 _aPlanta Forrageira
650 _aAdubacao
650 _aFertilizante Fosfatado
650 _aMicorriza
909 _a202309
_bLucia
_c55
_dLucia Elande
942 _cBK
999 _c60677
_d60677